[Event "4th Polonia Wroclaw Open A"]
[Site "Wroclaw POL"]
[Date "2009.06.21"]
[Round "2"]
[White "Postny,E"]
[Black "Colin,V"]
[Result "1/2-1/2"]
[WhiteElo "2648"]
[BlackElo "2415"]
[EventDate "2009.06.20"]

1. d4 Nf6 2. c4 e6 3. Nf3 d5 4. g3 dxc4 5. Bg2 Nc6 6. O-O Rb8 7. Nc3 Bb4 8.
Bg5 O-O 9. e3 h6 10. Bxf6 Qxf6 11. Nd2 Na5 12. Qc2 Qf5 13. Be4 Qh5 14. Bf3
Qf5 15. Be4 Qh5 16. a3 Bxc3 17. Qxc3 Qb5 18. Rfc1 Bd7 19. a4 Qa6 20. Nxc4
Nxc4 21. Qxc4 Qxc4 22. Rxc4 Rfc8 23. Rac1 c6 24. a5 Kf8 25. f4 Ke7 26. Bf3
f6 27. Kf2 b6 28. b4 bxa5 29. bxa5 Rb2+ 30. R1c2 Rxc2+ 31. Rxc2 Kd6 32. e4
Rb8 33. e5+ fxe5 34. dxe5+ Kc7 35. Be2 Rb3 36. Rc5 Ra3 37. h4 Be8 38. h5
Ra2 39. Ke3 Ra3+ 40. Kf2 Ra2 41. g4 Ra3 42. Ke1 Ra1+ 43. Kd2 Ra2+ 44. Ke3
Ra3+ 45. Kd4 Bd7 46. Bd3 Ra4+ 47. Ke3 Ra3 48. Ke4 Ra4+ 49. Ke3 Ra3 50. Kd2
Ra4 51. Bc4 Ra3 52. f5 exf5 53. gxf5 Bxf5 54. e6 Bxe6 55. Bxe6 Kd6 56. Rc2
Kxe6 57. Rxc6+ 1/2-1/2

[Event "4th Polonia Wroclaw Open A"]
[Site "Wroclaw POL"]
[Date "2009.06.21"]
[Round "2"]
[White "Rajlich,I"]
[Black "Fridman,D2"]
[Result "0-1"]
[WhiteElo "2424"]
[BlackElo "2646"]
[EventDate "2009.06.20"]

1. d4 d5 2. c4 e6 3. Nc3 Bb4 4. e3 Nf6 5. Bd3 e5 6. a3 Bxc3+ 7. bxc3 e4 8.
Be2 c6 9. a4 O-O 10. Qb3 b6 11. Ba3 Re8 12. cxd5 cxd5 13. Bb5 Bd7 14. Ne2
Nc6 15. Bb4 a6 16. Bxc6 Bxc6 17. Nf4 Qd7 18. a5 bxa5 19. Rxa5 g5 20. Ne2
Bb5 21. Ng3 h6 22. h4 Ng4 23. hxg5 hxg5 24. c4 dxc4 25. Qd1 Kg7 26. d5 Kg6
27. Bc3 Rad8 28. Ra2 f6 29. Rd2 Ba4 30. Qe2 Rb8 31. O-O f5 32. Ra1 Bb5 33.
d6 Qe6 34. Qd1 Bd7 35. Rd5 Qf7 36. Raa5 Rb5 37. Raxb5 axb5 38. Qd4 b4 39.
Nxf5 bxc3 40. Ne7+ Rxe7 0-1

[Event "4th Polonia Wroclaw Open A"]
[Site "Wroclaw POL"]
[Date "2009.06.21"]
[Round "2"]
[White "Socko,B"]
[Black "Zawadzka,J"]
[Result "1-0"]
[WhiteElo "2637"]
[BlackElo "2390"]
[EventDate "2009.06.20"]

1. d4 d5 2. c4 c6 3. Nf3 Nf6 4. e3 Bg4 5. Nc3 e6 6. Qb3 Bxf3 7. gxf3 Qb6 8.
c5 Qc7 9. f4 b6 10. cxb6 axb6 11. Bd2 Be7 12. Bg2 O-O 13. O-O c5 14. Rfc1
Nc6 15. Ne2 Rfc8 16. Qd1 Qd6 17. a3 Nd7 18. Bc3 c4 19. Ng3 f5 20. Nf1 b5
21. Nd2 Nf6 22. Bf1 Bd8 23. Nf3 Ne4 24. Be1 Qe7 25. Bg2 b4 26. axb4 Nxb4
27. Ne5 Na2 28. Rc2 Bc7 29. Nxc4 dxc4 30. Rxc4 Qd7 31. Qb1 Qb5 32. b3 Ra3
33. Bf1 Qb7 34. Rxa2 Rxb3 35. Qc2 Nd6 36. Bg2 Qb8 37. Ra8 Nxc4 38. Qxc4 Rb1
39. Qxe6+ 1-0

[Event "4th Polonia Wroclaw Open A"]
[Site "Wroclaw POL"]
[Date "2009.06.21"]
[Round "2"]
[White "Luch,M"]
[Black "Aleksandrov,A"]
[Result "0-1"]
[WhiteElo "2412"]
[BlackElo "2624"]
[EventDate "2009.06.20"]

1. e4 e5 2. Nf3 Nc6 3. Bb5 a6 4. Ba4 Nf6 5. O-O Be7 6. Re1 b5 7. Bb3 d6 8.
c3 O-O 9. h3 Na5 10. Bc2 c5 11. d4 Qc7 12. Nbd2 cxd4 13. cxd4 Rd8 14. d5
Bd7 15. Nf1 Rdc8 16. Bd3 Nb7 17. Bd2 Nc5 18. Rc1 Qa7 19. Be3 Qb8 20. Ng3
Nxd3 21. Qxd3 a5 22. Nd2 Ne8 23. Kh2 g6 24. b3 Qb7 25. a3 Bf6 26. Ne2 Bg7
27. Rxc8 Rxc8 28. Rc1 Rxc1 29. Nxc1 f5 30. f3 f4 31. Bf2 g5 32. Ne2 h5 33.
g4 Bf6 34. Qc3 Bd8 35. b4 Qa6 36. Nc1 hxg4 37. hxg4 Nf6 38. Kg2 a4 39. Nd3
Kf7 40. Qc1 Qa8 41. Qc3 Qb8 42. Qc1 Bc7 43. Qh1 Qc8 44. Qc1 Qd8 45. Qd1 Bb8
46. Qh1 Kg6 47. Qc1 Kg7 48. Bg1 Qh8 49. Bf2 Qg8 50. Qc2 Qh7 51. Qb1 Qg6 52.
Qf1 Nxg4 53. fxg4 Bxg4 54. Ne1 Bd7 55. Qh1 Bc7 56. Nef3 Be8 57. Kf1 g4 58.
Nh4 Qh7 59. Qh2 Bf7 60. Nhf3 0-1

[Event "4th Polonia Wroclaw Open A"]
[Site "Wroclaw POL"]
[Date "2009.06.21"]
[Round "2"]
[White "Baklan,V"]
[Black "Kalinin,O"]
[Result "1/2-1/2"]
[WhiteElo "2618"]
[BlackElo "2378"]
[EventDate "2009.06.20"]

1. e4 c5 2. Nf3 e6 3. Nc3 a6 4. d4 cxd4 5. Nxd4 Qc7 6. g3 Bb4 7. Bd2 Nf6 8.
Bg2 Nc6 9. Nb3 O-O 10. O-O Be7 11. f4 b5 12. e5 Ne8 13. Qe2 d6 14. Rae1 b4
15. Na4 Rb8 16. c3 dxe5 17. fxe5 bxc3 18. Bxc3 Nb4 19. Bd4 Bd7 20. Nc3 Nxa2
21. Nxa2 Rxb3 22. Rc1 Qa5 23. Qc2 Qa4 24. Rfd1 Rb8 25. Nc3 Qb4 26. Qf2 Rc8
27. Ne4 Rxc1 28. Rxc1 f6 29. Qe3 fxe5 30. Bxe5 Nf6 31. Nxf6+ Bxf6 32. Rd1
Bxe5 33. Qxe5 Qb6+ 34. Kh1 Qb5 35. Qd6 Bc8 36. b4 Bb7 37. Qxe6+ Kh8 38. Qe1
Bxg2+ 39. Kxg2 Re8 40. Qf1 Qxb4 41. Qxa6 Qe4+ 42. Kg1 Qe3+ 1/2-1/2

[Event "4th Polonia Wroclaw Open A"]
[Site "Wroclaw POL"]
[Date "2009.06.21"]
[Round "2"]
[White "Sieciechowicz,M"]
[Black "Malakhatko,V"]
[Result "0-1"]
[WhiteElo "2392"]
[BlackElo "2610"]
[EventDate "2009.06.20"]

1. d4 Nf6 2. c4 e6 3. Nf3 b6 4. g3 Ba6 5. b3 b5 6. cxb5 Bxb5 7. Bg2 d5 8.
O-O Nbd7 9. Bf4 c5 10. Nc3 Ba6 11. Rc1 Rc8 12. dxc5 Bxc5 13. Na4 Ba3 14.
Rxc8 Qxc8 15. Qd4 Bxe2 16. Re1 Bxf3 17. Bxf3 Qb7 18. g4 O-O 19. g5 Ne8 20.
h4 Nd6 21. Bd2 Nf5 22. Qg4 Rc8 23. h5 g6 24. hxg6 hxg6 25. Kg2 Bf8 26. Nb2
Bg7 27. Nc4 Qa6 28. Ne3 Ne5 29. Qh3 Nxf3 30. Kxf3 Qd3 31. Bc1 Qe4+ 32. Ke2
d4 33. Rh1 Rc2+ 0-1

[Event "4th Polonia Wroclaw Open A"]
[Site "Wroclaw POL"]
[Date "2009.06.21"]
[Round "2"]
[White "Balogh,C"]
[Black "Leniart,A"]
[Result "1/2-1/2"]
[WhiteElo "2609"]
[BlackElo "2372"]
[EventDate "2009.06.20"]

1. e4 c5 2. Nf3 Nc6 3. d4 cxd4 4. Nxd4 Nf6 5. Nc3 e5 6. Ndb5 d6 7. Bg5 a6
8. Na3 b5 9. Bxf6 gxf6 10. Nd5 f5 11. Bd3 Be6 12. c3 Bg7 13. Nxb5 axb5 14.
Bxb5 Bd7 15. exf5 O-O 16. Qg4 Kh8 17. Qe4 f6 18. O-O Rb8 19. a4 Ne7 20.
Bxd7 Nxd5 21. Qxd5 Qxd7 22. b4 Rfc8 23. Ra3 Qxf5 24. Qxd6 Rd8 25. Qa6 Qc2
26. a5 e4 27. Qc4 f5 28. a6 Rbc8 29. Qe6 Bxc3 30. a7 Bd4 31. Ra2 Qd3 32.
Qxf5 Rf8 33. Qxc8 Rxc8 34. a8=Q Rxa8 35. Rxa8+ Kg7 36. Re1 Qd2 37. Rf1 Qxb4
38. Re8 Bc5 39. h3 Qa4 40. Rc8 Qc4 41. Re1 Qc3 42. Kf1 Qd3+ 43. Kg1 Qc3 44.
Kf1 Qd3+ 45. Kg1 Bb6 46. Re8 Qd2 47. Rf1 Qc2 48. Re7+ Kg8 49. Rb7 Qc6 50.
Rb8+ Kg7 51. Rb1 Bd4 52. R8b4 Qc5 53. Rb7+ Kg6 54. Rf1 h5 55. Rb8 Bxf2+ 56.
Rxf2 e3 57. Re2 Qc1+ 58. Kh2 Qc7+ 59. Kh1 Qxb8 60. Rxe3 Kf5 61. Rf3+ Ke4
62. h4 Qd8 63. Kh2 1/2-1/2

[Event "4th Polonia Wroclaw Open A"]
[Site "Wroclaw POL"]
[Date "2009.06.21"]
[Round "2"]
[White "Bobula,M"]
[Black "Bartel,Mat"]
[Result "1/2-1/2"]
[WhiteElo "2389"]
[BlackElo "2601"]
[EventDate "2009.06.20"]

1. d4 Nf6 2. c4 g6 3. Nf3 Bg7 4. g3 O-O 5. Bg2 d5 6. cxd5 Nxd5 7. O-O Nb6
8. Nc3 Nc6 9. e3 a5 10. d5 Nb4 11. e4 f5 12. Ng5 fxe4 13. Bxe4 Bf5 14. Ne6
Bxe6 15. dxe6 Qxd1 16. Rxd1 c6 17. Be3 Nc4 18. Rd7 Nxe3 19. fxe3 Bxc3 20.
bxc3 Na6 21. Bg2 Nc5 22. Rxe7 Rae8 23. Rxe8 Rxe8 24. Bh3 Kg7 25. Rd1 h5 26.
Rd4 g5 27. Bf5 Kf6 28. g4 hxg4 29. Bxg4 Ke5 30. Rc4 Ne4 31. Kg2 Re7 32. Bf3
Nd6 33. Rc5+ Kxe6 34. Rxg5 Kf6 35. Rxa5 Rxe3 36. Rc5 Nb5 37. Bxc6 bxc6 38.
Rxc6+ Ke7 39. a4 Nxc3 40. a5 Nd5 1/2-1/2

[Event "4th Polonia Wroclaw Open A"]
[Site "Wroclaw POL"]
[Date "2009.06.21"]
[Round "2"]
[White "Zozulia,A"]
[Black "Muzychuk,A"]
[Result "0-1"]
[WhiteElo "2376"]
[BlackElo "2533"]
[EventDate "2009.06.20"]

1. e4 e5 2. Nf3 Nc6 3. Bb5 a6 4. Ba4 Nf6 5. O-O Be7 6. Re1 b5 7. Bb3 d6 8.
c3 O-O 9. d3 a5 10. a4 b4 11. Nbd2 Rb8 12. h3 h6 13. Nf1 Re8 14. Ne3 Bf8
15. Nd5 Ba6 16. Be3 bxc3 17. bxc3 Nxd5 18. Bxd5 Ne7 19. Ba2 Qd7 20. Qc2 Rb7
21. Rab1 Reb8 22. Rxb7 Rxb7 23. Rb1 Rxb1+ 24. Bxb1 c5 25. Ba2 Nc8 26. d4
Qc7 27. Qb1 Be2 28. Qb3 exd4 29. cxd4 c4 30. Qb5 Na7 31. Qa6 d5 32. exd5
Bxf3 33. gxf3 c3 34. Qc4 Qd7 35. Kg2 Bb4 36. Bb3 Nc8 37. Qc6 Qd8 38. Qa8
Kh7 39. d6 Qd7 40. Qe4+ Kg8 41. Bc2 g6 42. Bxh6 Bxd6 43. Bf4 Bxf4 44. Qxf4
Ne7 45. Qb8+ Kh7 46. Qb3 Nd5 47. Be4 Nf4+ 48. Kg1 Kg7 49. Qb5 Qxd4 50. Kh2
Qxf2+ 0-1

[Event "4th Polonia Wroclaw Open A"]
[Site "Wroclaw POL"]
[Date "2009.06.21"]
[Round "2"]
[White "Swiercz,D"]
[Black "Panocki,A"]
[Result "1/2-1/2"]
[WhiteElo "2492"]
[BlackElo "2370"]
[EventDate "2009.06.20"]

1. e4 d6 2. d4 Nf6 3. Nc3 g6 4. Bg5 Bg7 5. Qd2 h6 6. Bh4 g5 7. Bg3 Nh5 8.
O-O-O Nd7 9. Nge2 c5 10. dxc5 Nxc5 11. h4 Qa5 12. Bh2 Be6 13. a3 O-O-O 14.
Kb1 Na4 15. Nxa4 Qxa4 16. Nc3 Qa5 17. Nd5 Qxd2 18. Rxd2 Bxd5 19. exd5 Nf4
20. Bg1 Ng6 21. h5 Ne5 22. f4 gxf4 23. Bxa7 Kc7 24. Bd4 Bf6 25. Rf2 Bg5 26.
Rh3 Rhg8 27. Rb3 Nd7 28. Rff3 Ra8 29. Rbc3+ Kb8 30. g3 fxg3 31. Rxg3 e5 32.
dxe6 fxe6 33. Bh3 Re8 34. Rgf3 Re7 35. Rf1 Ra5 36. Rd3 Ra6 37. Bc3 Kc7 38.
Bb4 Ne5 39. Rdd1 Nc4 40. Rde1 e5 41. Rf8 Nb6 42. c4 Nd7 43. Rg8 Rf7 44. Rd1
Rc6 45. Bg2 Ra6 46. Bd5 Re7 47. Rg6 e4 48. Re1 Nb6 49. Ka2 Nxd5 50. cxd5
Re5 51. Rg7+ Kb8 52. Rd7 Kc8 53. Rg7 Kb8 54. Rg6 Rxd5 55. Rxe4 Rc6 56. Kb3
Rd3+ 57. Ka2 d5 58. Re8+ Kc7 59. Rgg8 Kb6 60. Rg7 Ka7 61. Rf8 Be3 62. Rff7
Rb6 63. Rd7 Rb5 64. Rc7 Rd1 65. Kb3 Rc1 66. Rcd7 d4 67. a4 Rb6 68. a5 Rb5
69. Ka4 Ka6 70. Rg6+ b6 71. axb6 Rxb6 72. Rgg7 Re6 73. Ba3 Rc8 74. b4 Kb6
75. Rb7+ Kc6 76. Rgd7 Ra8+ 77. Kb3 Re5 78. Rbc7+ Kb6 79. Rb7+ Kc6 80. Bb2
Rxh5 81. Kc4 Ra4 82. Rbc7+ Kb6 83. Rb7+ Kc6 84. Kb3 Ra8 85. Kc4 Ra4 86. Kb3
Ra8 87. Kc4 Ra4 1/2-1/2

[Event "4th Polonia Wroclaw Open A"]
[Site "Wroclaw POL"]
[Date "2009.06.21"]
[Round "2"]
[White "Aliavdin,N"]
[Black "Grabarczyk,M"]
[Result "1/2-1/2"]
[WhiteElo "2365"]
[BlackElo "2469"]
[EventDate "2009.06.20"]

1. e4 e5 2. Nf3 Nf6 3. d4 Nxe4 4. dxe5 d5 5. Nbd2 Nc5 6. Nb3 Nc6 7. Bg5 Qd7
8. Be2 Ne6 9. Be3 Be7 10. O-O O-O 11. c3 b6 12. Qc2 Rd8 13. Rad1 Qe8 14.
Rd2 Bf8 15. Rfd1 Ne7 16. c4 Bb7 17. c5 Ng6 18. Bd3 d4 19. Nfxd4 Nxc5 20.
Nxc5 bxc5 21. Nb3 Nxe5 22. Bxh7+ Kh8 23. Be4 Bxe4 24. Qxe4 Rxd2 25. Rxd2
Kg8 26. h3 c4 27. Na5 Rd8 28. Nxc4 Nxc4 29. Qxc4 Rxd2 30. Bxd2 Qb8 31. b3
Qb7 32. Be3 a6 33. h4 Bd6 34. h5 Qc8 35. h6 Qf5 36. Qc1 g6 37. g3 Kh7 38.
a4 Qd5 39. Qc2 Bf8 40. Qxc7 Qxb3 41. Qd7 1/2-1/2

[Event "4th Polonia Wroclaw Open A"]
[Site "Wroclaw POL"]
[Date "2009.06.21"]
[Round "2"]
[White "Socko,M"]
[Black "Lahiri,A"]
[Result "1-0"]
[WhiteElo "2456"]
[BlackElo "2332"]
[EventDate "2009.06.20"]

1. e4 e6 2. d4 d5 3. e5 c5 4. c3 Nc6 5. Nf3 Nh6 6. Bxh6 gxh6 7. Be2 cxd4 8.
cxd4 Bg7 9. O-O O-O 10. Nbd2 f6 11. exf6 Qxf6 12. Nb3 a6 13. Rc1 Bd7 14.
Rc3 Be8 15. Re3 Bg6 16. Nc5 Nxd4 17. Nxd4 Qxd4 18. Nxe6 Qxd1 19. Rxd1 d4
20. Rg3 Rfc8 21. Nxg7 Kxg7 22. h4 Kf6 23. Rxd4 Rc2 24. Re3 Re8 25. Rd6+ Kf7
26. Rd7+ Kf6 27. Bf3 Rxe3 28. fxe3 Rxb2 29. Bxb7 Ke5 30. a4 Rb4 31. a5 Rb5
32. Bxa6 Rxa5 33. Be2 Ra2 34. Bf3 Ra4 35. Rd5+ Kf6 36. Rd4 Ra2 37. Rb4 Ke5
38. Rb6 Ra3 39. Kf2 Ra2+ 40. Kg3 Ra3 41. h5 Bd3 42. Rxh6 Bf5 43. Rb6 Rxe3
44. Rb5+ Kf6 45. Kf4 Bd7 46. Rd5 Re7 47. Rd6+ Be6 48. h6 Kf7 49. Be4 Ke8
50. Bxh7 Rf7+ 51. Kg5 Re7 1-0

[Event "4th Polonia Wroclaw Open A"]
[Site "Wroclaw POL"]
[Date "2009.06.21"]
[Round "2"]
[White "Guilleux,F"]
[Black "Urban,K"]
[Result "0-1"]
[WhiteElo "2313"]
[BlackElo "2456"]
[EventDate "2009.06.20"]

1. d4 d5 2. c4 e6 3. Nc3 Nf6 4. cxd5 exd5 5. Bg5 Be7 6. e3 Nbd7 7. Bd3 Nb6
8. Qc2 Nh5 9. Bxe7 Qxe7 10. Nge2 g6 11. O-O-O Bg4 12. Kb1 Bxe2 13. Bxe2 Ng7
14. Bf3 c6 15. e4 dxe4 16. Bxe4 O-O 17. h4 Rad8 18. d5 cxd5 19. Nxd5 Nxd5
20. Bxd5 b6 21. g3 Qf6 22. Rd2 Ne6 23. Rhd1 0-1

[Event "4th Polonia Wroclaw Open A"]
[Site "Wroclaw POL"]
[Date "2009.06.21"]
[Round "2"]
[White "Tomczak,J"]
[Black "Byklum,B"]
[Result "1-0"]
[WhiteElo "2447"]
[BlackElo "2320"]
[EventDate "2009.06.20"]

1. e4 e5 2. Nf3 d6 3. d4 exd4 4. Nxd4 Nf6 5. Nc3 Be7 6. g3 d5 7. e5 Ng4 8.
e6 Nf6 9. exf7+ Kxf7 10. Bg2 c6 11. O-O Re8 12. Nce2 Na6 13. c4 Nc7 14.
cxd5 Ncxd5 15. Nf4 Nxf4 16. Bxf4 Qb6 17. Qd3 Kg8 18. Be5 Kh8 19. Rfe1 Bg4
20. h3 Bd7 21. Nf5 Bxf5 22. Qxf5 Rf8 23. Re2 Qb5 24. Qc2 Rae8 25. Bd4 Bd8
26. Rae1 Rxe2 27. Rxe2 a6 28. Re5 Nd5 29. Rh5 1-0

[Event "4th Polonia Wroclaw Open A"]
[Site "Wroclaw POL"]
[Date "2009.06.21"]
[Round "2"]
[White "Kowalczyk,P"]
[Black "Biolek,R2"]
[Result "0-1"]
[WhiteElo "2160"]
[BlackElo "2424"]
[EventDate "2009.06.20"]

1. d4 e6 2. e4 c5 3. Nf3 cxd4 4. Nxd4 Nf6 5. Bd3 Nc6 6. Be3 d5 7. Nd2 e5 8.
Nxc6 bxc6 9. f3 Bd6 10. c3 O-O 11. Qc2 Be6 12. g4 Qe7 13. h4 Bc5 14. Bg5 h6
15. exd5 cxd5 16. O-O-O Rfb8 17. Bxf6 Qxf6 18. g5 Qf4 19. gxh6 gxh6 20. Kb1
a5 21. Ka1 a4 22. Nb1 Ra7 23. Qh2 Qxh2 24. Rxh2 f5 25. Bxf5 Bxf5 26. Rxd5
Rg7 27. Rh1 Rg2 28. Nd2 Bf8 29. Rxe5 Bd3 30. Ne4 Rbxb2 0-1

[Event "4th Polonia Wroclaw Open A"]
[Site "Wroclaw POL"]
[Date "2009.06.22"]
[Round "3"]
[White "Fridman,D2"]
[Black "Muzychuk,A"]
[Result "1/2-1/2"]
[WhiteElo "2646"]
[BlackElo "2533"]
[EventDate "2009.06.20"]

1. Nf3 c5 2. c4 Nc6 3. d4 cxd4 4. Nxd4 e5 5. Nc2 Nf6 6. Nc3 Bc5 7. Be3 d6
8. Bxc5 dxc5 9. Qxd8+ Kxd8 10. O-O-O+ Ke7 11. Ne3 Rd8 12. Rxd8 Kxd8 13. h3
Be6 14. g4 Nd4 15. Bg2 Rb8 16. Rd1 Ke8 17. Rd2 b6 18. b3 h5 19. f3 Rd8 20.
Nf1 hxg4 21. fxg4 Bd7 22. e3 Ne6 23. Ng3 g6 24. Nd5 Nxd5 25. cxd5 Ng7 26.
g5 Nf5 27. Nxf5 Bxf5 28. e4 Bc8 29. h4 Bg4 30. Rf2 Ke7 31. Bf1 Rh8 32. Rh2
f6 33. gxf6+ Kxf6 34. Kd2 Ke7 35. Be2 Bxe2 36. Kxe2 Rh5 37. Kf3 1/2-1/2

[Event "4th Polonia Wroclaw Open A"]
[Site "Wroclaw POL"]
[Date "2009.06.22"]
[Round "3"]
[White "Urban,K"]
[Black "Socko,B"]
[Result "0-1"]
[WhiteElo "2456"]
[BlackElo "2637"]
[EventDate "2009.06.20"]

1. d4 Nf6 2. g3 e6 3. Bg2 c5 4. Nf3 cxd4 5. O-O d5 6. Nxd4 e5 7. Nb3 Nc6 8.
Bg5 Be6 9. Nc3 d4 10. Ne4 Be7 11. Nec5 Bxb3 12. Nxb3 O-O 13. Rc1 Nd5 14.
Bxe7 Ncxe7 15. c3 dxc3 16. bxc3 Rc8 17. Qd3 b6 18. Rfd1 Nf6 19. Qb5 Qc7 20.
c4 Rfd8 21. Rxd8+ Rxd8 22. c5 e4 23. cxb6 Qxb6 24. Qxb6 axb6 25. e3 Kf8 26.
Nd4 Ra8 27. Rc2 Rc8 28. Rb2 Ned5 29. h3 Rc1+ 30. Kh2 h5 31. Nf5 Rc6 32. Nd4
Rc4 33. Nf5 g6 34. Nd6 Ra4 35. Nc8 b5 36. Nd6 b4 37. Nxe4 Nxe4 38. Bxe4 Nc3
39. Bb1 Nxb1 40. Rxb1 Rxa2 41. Kg2 Ra4 42. Kf3 Ke7 43. Ke4 Kd6 44. Kd4 Ra2
45. Rxb4 Rxf2 46. Rb6+ Ke7 47. Rb7+ Kf6 48. Rb6+ Kg5 49. Ke4 h4 50. g4 Rh2
51. Rb5+ Kh6 52. Kf4 f6 53. Rb6 Rxh3 54. Rxf6 Rh1 55. Ra6 Rf1+ 56. Ke5 h3
57. Ra8 Kg5 58. Rh8 Kxg4 59. e4 g5 60. Kd6 Kg3 61. e5 h2 62. e6 h1=Q 63.
Rxh1 Rxh1 64. e7 Re1 0-1

[Event "4th Polonia Wroclaw Open A"]
[Site "Wroclaw POL"]
[Date "2009.06.22"]
[Round "3"]
[White "Aleksandrov,A"]
[Black "Socko,M"]
[Result "1-0"]
[WhiteElo "2624"]
[BlackElo "2456"]
[EventDate "2009.06.20"]

1. d4 Nf6 2. c4 e6 3. Nc3 Bb4 4. e3 c5 5. Nge2 b6 6. a3 Ba5 7. Rb1 Na6 8.
f3 O-O 9. d5 d6 10. Ng3 Qe7 11. e4 Bd7 12. Kf2 Bxc3 13. bxc3 Nc7 14. Bd3 e5
15. Rb2 Rab8 16. Be3 a6 17. a4 Rb7 18. Qc2 Rfb8 19. Rhb1 h6 20. Qd1 Qe8 21.
Bc2 Qc8 22. Qd2 b5 23. axb5 axb5 24. cxb5 Nxb5 25. Ra1 Nd4 26. Rxb7 Rxb7
27. cxd4 cxd4 28. Bxd4 exd4 29. Bd3 Kf8 30. Ba6 Qa8 31. Qxd4 Ra7 32. Qb6
Ne8 33. Ne2 Ke7 34. e5 dxe5 35. Bb7 Qxb7 36. Qc5+ Nd6 37. Rxa7 Qc8 38. Rc7
Qb8 39. Qc6 Qd8 40. Nc3 Nf5 41. Ra7 Ke8 42. Qc7 Qxc7 43. Rxc7 Kd8 44. Ra7
Ne7 45. d6 Nc8 46. Ra6 Be6 47. Na4 Bd7 48. Nc5 Bb5 49. Ra8 Bc6 50. Rb8 g5
51. g4 Bd7 52. Ke3 Bc6 53. h3 f6 54. Ne6+ Kd7 55. Nf8+ Kd8 56. Nh7 1-0

[Event "4th Polonia Wroclaw Open A"]
[Site "Wroclaw POL"]
[Date "2009.06.22"]
[Round "3"]
[White "Malakhatko,V"]
[Black "Tomczak,J"]
[Result "1/2-1/2"]
[WhiteElo "2610"]
[BlackElo "2447"]
[EventDate "2009.06.20"]

1. c4 Nf6 2. Nc3 d5 3. cxd5 Nxd5 4. g3 e5 5. Bg2 Nb6 6. d3 Be7 7. Nf3 Nc6
8. Be3 O-O 9. a4 Re8 10. O-O Bb4 11. Na2 Bf8 12. Nc3 Bb4 13. Na2 Bf8 14.
Nc3 Bb4 1/2-1/2

[Event "4th Polonia Wroclaw Open A"]
[Site "Wroclaw POL"]
[Date "2009.06.22"]
[Round "3"]
[White "Bobula,M"]
[Black "Postny,E"]
[Result "0-1"]
[WhiteElo "2389"]
[BlackElo "2648"]
[EventDate "2009.06.20"]

1. d4 Nf6 2. c4 e6 3. Nf3 b6 4. g3 Ba6 5. b3 b5 6. cxb5 Bxb5 7. Bg2 Bb4+ 8.
Bd2 a5 9. a3 Bxd2+ 10. Qxd2 O-O 11. Nc3 Ba6 12. O-O d5 13. Ne5 Nfd7 14.
Nxd7 Nxd7 15. Rfc1 Nb6 16. Na4 Nxa4 17. bxa4 Qd7 18. Rc5 Qxa4 19. Rxa5 Qb3
20. Rc5 Ra7 21. Qb4 Rb8 22. Qxb3 Rxb3 23. e4 dxe4 24. Bxe4 Bd3 25. Bxd3
Rxd3 26. Rac1 Raxa3 27. Rxc7 g6 28. R7c4 Rd2 29. R1c2 Rd1+ 30. Kg2 Rad3 31.
h4 Kg7 32. Ra2 Rxd4 33. Rxd4 Rxd4 34. Ra5 Rd3 35. Rb5 Kf6 36. Ra5 h6 37.
Rb5 Rd5 38. Rb7 Rd6 39. Rb8 Ra6 40. Rb5 e5 41. Rb7 Ke6 42. Rb8 Kf5 43. Rh8
h5 44. Rb8 Ra3 45. Rb5 Rd3 46. Rb7 f6 47. Rb6 Rd8 48. Ra6 Re8 49. Ra5 Re6
50. Kf3 Rb6 51. Kg2 Rc6 52. Kf3 Rc4 53. Kg2 g5 54. hxg5 Kxg5 55. Ra8 h4 56.
gxh4+ Rxh4 57. Kf3 Rb4 58. Ke3 Rb3+ 59. Ke4 f5+ 60. Kxe5 Rb5+ 61. Ke6 Rb2
62. Rg8+ Kf4 63. Rg2 Kf3 64. Rh2 f4 65. Ke5 Rb5+ 66. Kd4 Ke2 67. Ke4 Rb4+
68. Kf5 f3 69. Kg5 Kf1 0-1

[Event "4th Polonia Wroclaw Open A"]
[Site "Wroclaw POL"]
[Date "2009.06.22"]
[Round "3"]
[White "Leniart,A"]
[Black "Baklan,V"]
[Result "1/2-1/2"]
[WhiteElo "2372"]
[BlackElo "2618"]
[EventDate "2009.06.20"]

1. d4 Nf6 2. c4 g6 3. Nc3 Bg7 4. Bg5 O-O 5. e3 c5 6. Nf3 cxd4 7. exd4 d5 8.
Bxf6 Bxf6 9. cxd5 Bg4 10. Be2 Qb6 11. O-O Qxb2 12. Ne4 Bg7 13. d6 exd6 14.
Nxd6 Qb4 15. Nxf7 Rxf7 16. Rb1 Qe7 17. Bc4 Nc6 18. Re1 Qd7 19. h3 Bxf3 20.
Qxf3 Raf8 21. Re4 Nxd4 22. Qe3 Nc6 23. Be6 Qc7 24. Rf4 Be5 25. Rxf7 Rxf7
26. Rd1 Kg7 27. Bxf7 Qxf7 28. a3 Bc7 29. Qe4 h5 30. g3 Bb6 31. Rd2 Kh6 32.
Kg2 Qf6 33. a4 Bd4 34. f4 Bb6 35. g4 hxg4 36. hxg4 Qf7 37. Rd5 Qe7 38. Qxe7
Nxe7 39. Rd7 Bc5 40. Rxb7 a5 41. Kf3 Kg7 42. Rc7 Bb4 43. Ke4 Kf6 44. Ra7
Ke6 45. Ra6+ Kf7 46. f5 gxf5+ 47. gxf5 Bc3 48. Ra7 Kf6 49. Ra6+ Kf7 50. f6
Ng8 51. Kd3 Bb4 52. Kc4 Nxf6 53. Kb5 Nd5 54. Rxa5 Bxa5 55. Kxa5 Nc3 56. Kb4
Nxa4 57. Kxa4 1/2-1/2

[Event "4th Polonia Wroclaw Open A"]
[Site "Wroclaw POL"]
[Date "2009.06.22"]
[Round "3"]
[White "Kalinin,O"]
[Black "Balogh,C"]
[Result "0-1"]
[WhiteElo "2378"]
[BlackElo "2609"]
[EventDate "2009.06.20"]

1. d4 e6 2. Nf3 c5 3. c3 Nf6 4. Bg5 Be7 5. e3 b6 6. Nbd2 Bb7 7. Bd3 cxd4 8.
cxd4 Nc6 9. a3 Nd5 10. Bxe7 Ncxe7 11. O-O O-O 12. Qe2 a6 13. Rfc1 f5 14. g3
Nf6 15. Rc2 Rc8 16. Rac1 Rxc2 17. Rxc2 Qa8 18. Ne1 b5 19. Qd1 Rc8 20. Be2
Ne4 21. Rxc8+ Qxc8 22. Nxe4 Bxe4 23. f3 Bb7 24. Qc2 Qd8 25. Nd3 d6 26. h4
Nd5 27. Kf2 Qb6 28. Nf4 Nxf4 29. gxf4 Kf7 30. Qc1 Qd8 31. Kg3 Kg6 32. Kh3
h6 33. Qg1+ Kf7 34. Qc1 Bd5 35. Kg3 Qd7 36. Bd3 Qb7 37. Be2 Kg6 38. Qc2 Qe7
39. e4 Bb7 40. e5 Kh5 41. exd6 Qxd6 42. Qc5 Qd8 43. Kf2 Kxh4 44. Qe5 Qd7
45. Ke3 Kg3 46. Qc5 Qc6 47. Qe7 Qc1+ 48. Kd3 Bd5 0-1

[Event "4th Polonia Wroclaw Open A"]
[Site "Wroclaw POL"]
[Date "2009.06.22"]
[Round "3"]
[White "Bartel,Mat"]
[Black "Aliavdin,N"]
[Result "1-0"]
[WhiteElo "2601"]
[BlackElo "2365"]
[EventDate "2009.06.20"]

1. d4 d5 2. c4 e6 3. Nc3 c6 4. Nf3 dxc4 5. e4 b5 6. a4 b4 7. Nb1 Nf6 8. e5
Nd5 9. Bxc4 Be7 10. Nbd2 a5 11. Ne4 h6 12. Nfd2 Nb6 13. Qg4 Kf8 14. Nc5
Nxc4 15. Nxc4 Ba6 16. Nd6 Bxd6 17. exd6 Bc4 18. Bf4 Nd7 19. Be5 f6 20. Rc1
Bd5 21. Nxe6+ Bxe6 22. Qxe6 fxe5 23. O-O Qe8 24. Qc4 Qf7 25. Qxc6 Re8 26.
Qb5 Kg8 27. Rc7 Rd8 28. dxe5 Kh7 29. f4 Qf5 30. Qxa5 Rhf8 31. Qb5 Rf7 32.
a5 Qe4 33. g3 Qe3+ 34. Rf2 Re8 35. Qe2 Qd4 36. Qc4 Qxc4 37. Rxc4 Nf8 38.
Rxb4 Ra8 39. f5 Rxa5 40. e6 Ra1+ 41. Kg2 1-0

[Event "4th Polonia Wroclaw Open A"]
[Site "Wroclaw POL"]
[Date "2009.06.22"]
[Round "3"]
[White "Panocki,A"]
[Black "Macieja,B"]
[Result "0-1"]
[WhiteElo "2370"]
[BlackElo "2601"]
[EventDate "2009.06.20"]

1. d4 Nf6 2. c4 e6 3. Nf3 d5 4. g3 Bb4+ 5. Bd2 Be7 6. Bg2 O-O 7. O-O c6 8.
Qc2 Nbd7 9. cxd5 exd5 10. Nc3 Bd6 11. Bf4 Qe7 12. Bxd6 Qxd6 13. a3 a5 14.
b3 Re8 15. Qb2 Ne4 16. Nxe4 dxe4 17. Nd2 Nf6 18. Nc4 Qc7 19. b4 axb4 20.
axb4 Be6 21. Nd2 Bd5 22. e3 h5 23. h3 b5 24. Ra3 Rxa3 25. Qxa3 Nd7 26. Ra1
Nb6 27. Qc3 Na4 28. Qa3 f5 29. h4 Qe7 30. Nb1 Ra8 31. Nc3 Bc4 32. Rb1 Kh7
33. Nxa4 Rxa4 34. Qc3 Bd5 35. Qc5 Qxc5 36. dxc5 Kg6 37. Bf1 Kf6 38. Be2 g6
39. Kf1 Ke5 40. Ke1 Bc4 41. Bxc4 bxc4 42. Kd2 Kd5 43. Rd1 Rxb4 44. Kc3+
Kxc5 45. Rd8 Rb3+ 46. Kc2 Ra3 47. Rg8 Ra2+ 48. Kb1 Rxf2 49. Rxg6 c3 50. Rh6
Kc4 0-1

[Event "4th Polonia Wroclaw Open A"]
[Site "Wroclaw POL"]
[Date "2009.06.22"]
[Round "3"]
[White "Dobrowolski,A"]
[Black "Swiercz,D"]
[Result "0-1"]
[WhiteElo "2352"]
[BlackElo "2492"]
[EventDate "2009.06.20"]

1. e4 e6 2. d4 d5 3. Nc3 Bb4 4. e5 c5 5. a3 Bxc3+ 6. bxc3 Ne7 7. Qg4 Kf8 8.
a4 b6 9. Nf3 Qc7 10. Ba3 Ba6 11. Bb5 Bxb5 12. axb5 Nd7 13. O-O h6 14. c4 h5
15. Qf4 Ng6 16. Qe3 dxc4 17. dxc5 bxc5 18. Rfd1 Kg8 19. Rd6 Ndxe5 20. Bxc5
Nxf3+ 21. Qxf3 Kh7 22. Qxh5+ Kg8 23. Qg5 Rc8 24. Bb4 c3 25. Rad1 Rh4 26. g3
Qc4 27. Rd8+ Rxd8 28. Rxd8+ Kh7 29. gxh4 Nf4 30. Qc5 Qe4 31. Qg5 Qe1+ 0-1